01610agaaa2200313 45000010005000000030009000050050017000140070009000310080040000400400023000800410013001031000047001161300022001632400031001852450144002162460024003602500022003842600091004063000033004975080112005305110091006425200310007335380016010435460013010596500054010727000051011267000060011777000059012378299IT-RoPAU20220918181234.0d cvaizq50131s9999||||xx ||| | || ||und|| aIT-RoPAUcIT-RoPAU aITALIANO aLubitsch ErnstgCodice regista SPICS: 1570 aMANCIA COMPETENTE aTROUBLE IN PARADISEgT0217 aMANCIA COMPETENTEcSceneggiatura: Raphaelson Samson -- Diretto da: Lubitsch ErnstpMANCIA COMPETENTE (Rif. Codice opera principale : 48299) aTROUBLE IN PARADISE aEdizione Standard a(USA)bPARAMOUNT / Distribuzione: RAIg"1932 (1° ed.: 1986 ; Ed. Lingua Orig.: 1932)" aVHSbsonoro, b&wc100 minuti a"Fotografia: Milner Victor; Musica: Harling ; Sceneggiatura: Raphaelson Samson; Scenografia: Dreier Hans; " a"Hopkins Miriam; Francis Kay; Marshall Herbert; Ruggles Charles; Everett; Horton Edwa" aUNA COPPIA DI SIMPATICI E ABILISSIMI LADRI DI GIOIELLI SI INTRUFOLA NELLA CASA DI UNA RICCA SIGNORA PARIGINA L'UOMO SI SPACCIA PER SEGRETARIO LA RAGAZZA PER DATTILOGRAFA IL GIOVANOTTO E LA SIGNORA FINIRANNO PER INNAMORARSI MA LA LORO STORIA FINIRA' MALINCONICAMENTE NEL NULLA FILM COMMEDIA IN BIANCOE NERO aPAL, STEREO aITALIANO aCOMMEDIAeFILMS [VHS]xCodice MATERIA SPICS: 9960 aHarling e(musica)gCodice Musica SPICS: 15796 aJones Grover e(soggetto)gCodice Soggetto SPICS: 32287 aLubitsch Ernst e(regista)gCodice regista SPICS: 1570